000 00544cam a2200205u 4500
001 8446332
005 20180103042949.0
008 821208s1963 nju 000 0 eng
010 _a 63021697
040 _aDLC
_cCarP
_dDLC
041 _aeng
043 _an-us---
080 _a371
082 _2371 RUS
100 1 _a46
101 _aEDU
245 1 4 _aThe messianic character of American education;
906 _a0
_bcbc
_cpremunv
_du
_encip
_f19
_gy-gencatlg
942 _2ddc
_cBK
999 _c39617
_d39617